00951pam a2200265 a 4500999001700000001000800017005001700025008004100042010001700083020001500100040002300115050002100138060002100159245011800180250001200298260004800310300004700358504005100405650001500456650001500471700002700486700002000513942003100533952012100564 c16895d16895441443220161118112754.0930305s1994 paua b 001 0 eng c a 93015103  a0397510470 aDNLM/DLCcDLCdDLC00aRB25 b.P38 1994 aQZ 4 P29854 199400aPathology /cedited by Emauel Rubin, John L. Farber ; with 39 contributors ; illustrations by Dimitri Karetnikov. a2nd ed. aPhiladephia :bJ.B. Lippincott Co.,cc1994. axiv, 1578 p. :bill. (some col.) ;c29 cm. aIncludes bibliographical references and index. 0aPathology. 2aPathology.1 aRubin, Emanuel,d1928-1 aFarber, John L. 2lcccBOOKShRB25 .P38 1994 00102lcc4070aMUCbMUCcGENd2016-11-18eDonation(B.F.A)l0oRB25 .P38 1994p27221r2019-05-30w2016-11-18yBOOKS